Statistics for Geography Series #14

Click here to take the quiz!

General Stats

  • This quiz has been taken 42 times
  • The average score is 6 of 6

Answer Stats

European Microstates% Correct
Vatican City
97%
Andorra
95%
Liechtenstein
95%
Monaco
95%
San Marino
95%
Malta
77%

Score Distribution

Percentile by Number Answered

Percent of People with Each Score

Your Score History

You have not taken this quiz